| 000 | 00488nam a2200193Ia 4500 | ||
|---|---|---|---|
| 003 | OSt | ||
| 005 | 20230607081915.0 | ||
| 008 | 210423s2011 xx 000 0 und d | ||
| 040 | _cAL | ||
| 041 | _aeng | ||
| 082 |
_a658.404 _223 _bNAGP |
||
| 100 |
_aNAGARAJAN (K) _9120772 |
||
| 245 | _aProject management | ||
| 260 |
_aNew Delhi _bNew Age International _c2011 |
||
| 365 |
_b360 _cINR |
||
| 650 |
_aExecutive Management _9120773 |
||
| 906 | _amanagement ; Project | ||
| 942 |
_2ddc _cBK |
||
| 999 |
_c176022 _d176022 |
||